000 00621nam a2200253Ia 4500
003 OSt
005 20220925220152.0
006 a|||||r|||| 00| 0
007 ta
008 220923b |||||||| |||| 00| 0 eng d
037 _cGeneral Book
040 _aRTL
_cRTL
_beng
041 _2eng
_aeng
082 _aX:8F, K8.2
100 _aWood Frenk
_9284281
245 0 _aBusiness accounting
250 _a2ed
260 _aLondon
_bLongman UK
_c1968
300 _a1095p.
_ccm.
490 _vV2
650 _aBudgeting
942 _hX:8F, K8.2
_cGB
_2CC
999 _c570696
_d570696